000 00541nam a2200193Ia 4500
003 OSt
005 20200727122812.0
008 190216s9999||||xx |||||||||||||| ||und||
020 _a9788173196355
040 _coclc
082 _a514.2
_bLAH/F
100 _aLahiri, B K
_93779
245 0 _a A First Course in Algebraic Topology /
_cB K Lahiri
250 _a2nd Ed.
260 _bNarosa Pubs House,
_aNew Delhi:
_c2005.
300 _a130p
650 _aMathematics
942 _cBK
_2ddc
_h514.2
_iLAH/F
_k514.2
_mLAH/F
999 _c32012
_d32012